000 00349 a2200157 4500
001 58240
020 _a8588840375
040 _cAnchieta - Pituba
100 _aMacedo, Joaquim Manuel de
240 1 0 _aAs vítimas-algozes
_lpor
245 1 0 _aAs vítimas-algozes
300 _a252
362 0 _a2005
650 4 _aFicção brasileira
942 _cBK
999 _c58240
_d58240